000 00216 a2200109 4500
020 _a9788495311023
041 _aspa
100 _aTwain, Mark
245 _aLas Aventuras de tom Sawyer
942 _cBK
952 _71
999 _c16625
_d16625